| LEADER |
00897nam0a2200217 450 |
| 001 |
16867212 |
| 010 |
|
|
|a 978-2-01-201682-8
|b Br.
|d 18
|
| 100 |
|
|
|a 20081202d2008 u u0frey01 ba
|
| 101 |
1 |
|
|a fre
|c fre
|
| 102 |
|
|
|a FR
|
| 200 |
0 |
|
|a Révélation
|f Stephenie Meyer
|g traduit de l'américain par Luc Rigoureau
|
| 207 |
|
1 |
|a
|
| 215 |
|
|
|a 759 p.
|d 22 cm
|
| 300 |
|
|
|a Tomaison
|
| 330 |
|
|
|a Bella a fait son choix : elle s'apprête à épouser Edward. Mais celui-ci honorera-t-il sa part du marché ? Acceptera-t-il de la transformer en vampire et de la voir renoncer à sa vie humaine ? Dernier tome de la tétralogie Fascination.
|
| 461 |
|
0 |
|t Fascination
|v 4
|
| 700 |
|
0 |
|a Meyer
|b Stephenie
|f 1973-....
|4 70
|
| 702 |
|
0 |
|a Rigoureau
|b Luc
|4 730
|
| 900 |
|
|
|a Roman (jeunesse)
|
| 901 |
|
|
|a Jeunesse
|
| 995 |
|
|
|a Médiathèque
|c Médiathèque
|f 00156007528342
|h 00156007528342
|k J MEY 4
|o p
|q a
|r az
|e Médiathèque
|